Ružomberok nádražie

Zobrazenie: Pohľad na budovu železničnej stanice

Bibliographic Details
Format: Postcard
Language:Slovak
PhysicalDescription:1 pohľadnica kolorovaná 9 x 14 cm
Published: Ružomberok "Lev" kníhtlačiarsky a nakl. spolok uč. sp. [medzi 1925 a 1949?]
Subjects:

MARC

LEADER 00000nkm a2200000 a 4500
001 vtls011886125
003 SK-MaSNL
005 20260512122426.0
007 kp co
008 231120q1925 xo 000 g knslo
015 |a SNBG 
035 |a urn:nbn:sk:snk-km00ebg7 
035 |a urn:nbn:sk:snk-km43fq1 
035 |a 53897246-1521-43E6-9539-ECFCC243FC07 
040 |a SNK  |b slo  |c SNK  |e AACR2 
041 0 |a slo 
043 |a e-xo--- 
044 |a xo  |c SK 
072 7 |a 913  |x Regionálna geografia  |2 konspekt 
080 |a 913(437.6)  |2 2011 
080 |a (084.121)  |2 2011 
080 |a 725.31  |2 2011 
245 0 0 |a Ružomberok  |h grafika  |b nádražie 
260 |a Ružomberok  |b "Lev" kníhtlačiarsky a nakl. spolok uč. sp.  |c [medzi 1925 a 1949?]  |e [Praha]  |f JKO 
300 |a 1 pohľadnica  |b kolorovaná  |c 9 x 14 cm 
500 |a Názvové údaje prevzaté z obrazovej strany pohľadnice 
500 |a Na adresnej strane uvedené: 236 
520 8 |a Zobrazenie: Pohľad na budovu železničnej stanice 
650 0 7 |a železničné stanice  |2 SNKPH  |9 30261 
651 7 |a Ružomberok (Slovensko)  |2 SNKPHgeo  |9 24370 
655 7 |a miestne pohľadnice  |2 SNKPH  |9 70510 
852 |a Slovenská národná knižnica 
954 |a pohľadnice pôvodné (slovenské)  |2 lita 
954 |a pohľadnice cudzojazyčné (svetové)  |2 lita 
958 |a OND 
958 |a GBN 
958 |a GC 
958 |a EUIPO 
999 |c 604365  |d 606295 
952 |a SNK  |b SNK  |y PREZ  |7 0  |p 17A1213898  |o snkSP 20710  |0 0  |1 0  |4 0  |d 2019-09-10  |f 1  |l 0  |r 2026-02-23 16:04:43  |w 2026-02-23